English Monarchs By Photo Royalty Quiz - Statistics

General Stats
  • This quiz has been taken 393 times
  • The average score is 17 of 40
Answer Stats
Picture Answer % Correct
Elizabeth 2
88%
Henry 8
88%
Victoria
87%
Elizabeth 1
86%
Anne
83%
Mary 1
78%
Charles 1
71%
Richard 3
67%
George 3
63%
George 5
58%
George 6
58%
Charles 2
55%
Edward 7
54%
Edward 8
49%
George 4
47%
Henry 7
46%
Edward 5
45%
James 1
44%
Edward 6
41%
George 2
41%
Henry 5
36%
Richard 2
36%
Edward 3
34%
William 1
29%
Henry 1
28%
William 3
27%
William 4
27%
James 2
26%
John
26%
Edward 1
23%
George 1
23%
Henry 4
20%
Henry 6
19%
Edward 4
15%
William 2
14%
Stephen
12%
Edward 2
11%
Henry 2
11%
Richard 1
11%
Henry 3
6%
No matching quizzes found
Score Distribution
Percent of People with Each Score
Percentile by Number Answered
Your Score History
You have not taken this quiz